000 00343nam a2200145Ia 4500
008 230917s9999||||xx |||||||||||||| ||und||
040 _e152578
_aMAIN
041 _aEnglish
082 _a294.12 S24R
100 _aShastri Haridutt
245 0 _aRiktsukt sangrah
260 _aMeerut
_bSahitya Bhandar
_c1995
300 _a378 p.
942 _cBK
999 _c83586
_d83586